[Event "DVM U14 2020"]
[Site "Willingen GER"]
[Date "2021.06.26"]
[Round "5"]
[White "Krömer, Emanuel"]
[Black "Popovici, Liviu-Daniel"]
[Result "1-0"]
[Termination "normal"]
[Board "6.3"]
[WhiteElo "1388"]
[BlackElo "1505"]
[WhiteClock "00:04:53"]
[BlackClock "00:05:04"]
[WhiteTeam "SSV Vimaria 91 Weimar"]
[BlackTeam "Schach-Club Vaterstetten-Grasbrunn"]
[PlyCount "121"]
[WhiteFideId "16287070"]
[BlackFideId "1253689"]
[EventCountry "GER"]
[EventRounds "7"]
[EventType "team-swiss"]
[EventDate "2021.06.23"]

1. d4 {[%clk 1:30:59]} 1... d5 {[%clk 1:30:53]} 2. Nf3 {[%clk 1:31:21]} 2... e6
{[%clk 1:31:06]} 3. e3 {[%clk 1:31:42]} 3... c6 {[%clk 1:31:05]} 4. Bd3 { [%clk
1:31:54]} 4... Nf6 {[%clk 1:30:16]} 5. Nbd2 {[%clk 1:31:54]} 5... Nbd7 { [%clk
1:29:43]} 6. b3 {[%clk 1:31:20]} 6... b6 {[%clk 1:27:11]} 7. Bb2 { [%clk
1:27:17]} 7... Be7 {[%clk 1:23:34]} 8. Qe2 {[%clk 1:24:39]} 8... Bb7 { [%clk
1:16:31]} 9. O-O {[%clk 1:18:13]} 9... O-O {[%clk 1:14:46]} 10. Rac1 { [%clk
1:14:17]} 10... c5 {[%clk 1:08:55]} 11. c4 {[%clk 0:47:21]} 11... Rc8 { [%clk
0:55:45]} 12. e4 {[%clk 0:42:49]} 12... dxe4 {[%clk 0:51:59]} 13. Nxe4 { [%clk
0:42:40]} 13... Nxe4 {[%clk 0:48:57]} 14. Bxe4 {[%clk 0:41:33]} 14... Bxe4
{[%clk 0:48:21]} 15. Qxe4 {[%clk 0:35:22]} 15... Bf6 {[%clk 0:39:25]} 16. Rfd1
{[%clk 0:24:11]} 16... Qe7 {[%clk 0:30:19]} 17. Rc2 {[%clk 0:18:18]} 17... cxd4
{[%clk 0:28:20]} 18. Nxd4 {[%clk 0:12:59]} 18... Nc5 19. Qe3 { [%clk 0:12:15]}
19... Rfd8 {[%clk 0:26:08]} 20. Rcd2 {[%clk 0:10:46]} 20... Rd7 {[%clk
0:17:43]} 21. b4 21... Bxd4 {[%clk 0:17:35]} 22. Bxd4 {[%clk 0:09:52]} 22...
Nb7 {[%clk 0:13:41]} 23. h3 23... Rcd8 {[%clk 0:13:41]} 24. Qg3 { [%clk
0:03:36]} 24... f6 {[%clk 0:11:51]} 25. Bxf6 {[%clk 0:04:04]} 25... Rxd2 {[%clk
0:12:07]} 26. Bxe7 {[%clk 0:04:16]} 26... Rxd1+ {[%clk 0:12:31]} 27. Kh2 {[%clk
0:04:44]} 27... R8d7 {[%clk 0:11:36]} 28. Qf3 {[%clk 0:04:56]} 28... h6 {[%clk
0:11:34]} 29. c5 {[%clk 0:03:47]} 29... bxc5 {[%clk 0:10:01]} 30. bxc5 { [%clk
0:04:16]} 30... Rxe7 {[%clk 0:10:13]} 31. Qxd1 {[%clk 0:04:36]} 31... Rc7
{[%clk 0:09:24]} 32. c6 {[%clk 0:04:17]} 32... Rxc6 {[%clk 0:08:57]} 33. Qa4 {
[%clk 0:03:24]} 33... Rb6 {[%clk 0:07:29]} 34. Qxa7 {[%clk 0:03:29]} 34... Rb4
{[%clk 0:07:29]} 35. Qb8+ {[%clk 0:02:48]} 35... Kh7 {[%clk 0:07:41]} 36. a4 {
[%clk 0:03:07]} 36... Rb3 {[%clk 0:07:04]} 37. Qe5 {[%clk 0:03:15]} 37... Rb4 {
[%clk 0:03:45]} 38. a5 {[%clk 0:03:02]} 38... Ra4 {[%clk 0:03:56]} 39. Qb5 {
[%clk 0:03:06]} 39... Rxa5 {[%clk 0:04:08]} 40. Qxb7 {[%clk 0:03:25]} 40... Rf5
{[%clk 0:04:29]} 41. Qe4 {[%clk 0:03:46]} 41... g6 {[%clk 0:03:34]} 42. f3 {
[%clk 0:02:25]} 42... Rf6 {[%clk 0:03:30]} 43. Qb7+ {[%clk 0:02:26]} 43... Kg8
{[%clk 0:03:38]} 44. Qc8+ {[%clk 0:02:49]} 44... Kg7 {[%clk 0:03:42]} 45. Qd7+
{[%clk 0:03:10]} 45... Kg8 {[%clk 0:03:50]} 46. Qe8+ {[%clk 0:03:22]} 46... Kg7
47. Qe7+ {[%clk 0:04:10]} 47... Rf7 {[%clk 0:04:35]} 48. Qxe6 {[%clk 0:04:20]}
48... Rf6 49. Qe5 49... Kf7 {[%clk 0:04:48]} 50. Kg3 {[%clk 0:04:33]} 50... Rf5
{[%clk 0:04:53]} 51. Qc7+ {[%clk 0:04:08]} 51... Kg8 {[%clk 0:04:54]} 52. f4 {
[%clk 0:04:20]} 52... Rf7 {[%clk 0:05:18]} 53. Qc8+ {[%clk 0:04:26]} 53... Kg7
{[%clk 0:05:43]} 54. Kf3 {[%clk 0:04:46]} 54... Rf8 {[%clk 0:05:43]} 55. Qd7+ {
[%clk 0:05:05]} 55... Rf7 {[%clk 0:06:06]} 56. Qd4+ {[%clk 0:05:28]} 56... Kg8
{[%clk 0:06:20]} 57. g4 {[%clk 0:05:51]} 57... Kh7 {[%clk 0:06:13]} 58. h4 {
[%clk 0:05:57]} 58... Kg8 {[%clk 0:06:03]} 59. Qe5 {[%clk 0:06:03]} 59... Ra7 {
[%clk 0:05:46]} 60. Ke3 {[%clk 0:05:22]} 60... Rf7 {[%clk 0:05:04]} 61. h5 {
[%clk 0:04:53]} 1-0

[Event "DVM U14 2020"]
[Site "Willingen GER"]
[Date "2021.06.26"]
[Round "5"]
[White "Lerchl, Justus"]
[Black "Stadelmann, Constantin"]
[Result "0-1"]
[Termination "normal"]
[Board "6.4"]
[WhiteElo "1467"]
[BlackElo "1277"]
[WhiteClock "00:54:53"]
[BlackClock "01:17:16"]
[WhiteTeam "Schach-Club Vaterstetten-Grasbrunn"]
[BlackTeam "SSV Vimaria 91 Weimar"]
[PlyCount "34"]
[WhiteFideId "16240677"]
[BlackFideId "16297970"]
[EventCountry "GER"]
[EventRounds "7"]
[EventType "team-swiss"]
[EventDate "2021.06.23"]

1. e4 {[%clk 1:30:56]} 1... d5 {[%clk 1:30:57]} 2. exd5 {[%clk 1:31:02]} 2...
Qxd5 {[%clk 1:31:18]} 3. Nc3 {[%clk 1:30:43]} 3... Qa5 {[%clk 1:31:41]} 4. d4 {
[%clk 1:29:56]} 4... Nf6 {[%clk 1:32:03]} 5. Bc4 {[%clk 1:29:02]} 5... Bg4 {
[%clk 1:31:13]} 6. Nf3 {[%clk 1:27:42]} 6... Nc6 {[%clk 1:26:50]} 7. Bd2 {
[%clk 1:25:02]} 7... O-O-O {[%clk 1:27:03]} 8. Nd5 {[%clk 1:18:16]} 8... Qa4 {
[%clk 1:27:17]} 9. Nxf6 gxf6 10. Bb3 {[%clk 1:09:29]} 10... Bxf3 { [%clk
1:24:08]} 11. Qxf3 {[%clk 1:08:16]} 11... Qxd4 {[%clk 1:24:20]} 12. O-O-O
{[%clk 1:07:41]} 12... Bg7 {[%clk 1:21:31]} 13. Be3 {[%clk 1:05:30]} 13... Qe5
{[%clk 1:20:59]} 14. Bf4 {[%clk 1:02:06]} 14... Qf5 {[%clk 1:20:12]} 15. g4 {
[%clk 0:57:41]} 15... Qc5 {[%clk 1:18:04]} 16. Bxf7 {[%clk 0:55:59]} 16... Nd4
{[%clk 1:17:01]} 17. Qc3 {[%clk 0:54:53]} 17... Ne2+ {[%clk 1:17:16]} 0-1

[Event "DVM U14 2020"]
[Site "Willingen GER"]
[Date "2021.06.26"]
[Round "5"]
[White "Yin, Haode"]
[Black "Schulemann, Gero"]
[Result "1/2-1/2"]
[Termination "normal"]
[Board "7.1"]
[WhiteElo "1759"]
[BlackElo "1835"]
[WhiteClock "00:21:44"]
[BlackClock "00:17:22"]
[WhiteTeam "SchachAkademiePaderborn e. V."]
[BlackTeam "USV Halle"]
[PlyCount "87"]
[WhiteFideId "16261348"]
[BlackFideId "16227646"]
[EventCountry "GER"]
[EventRounds "7"]
[EventType "team-swiss"]
[EventDate "2021.06.23"]

1. d4 {[%clk 1:30:56]} 1... Nf6 {[%clk 1:30:54]} 2. Nf3 {[%clk 1:31:19]} 2...
e6 {[%clk 1:31:12]} 3. g3 {[%clk 1:31:33]} 3... b6 {[%clk 1:29:09]} 4. Bg2 {
[%clk 1:31:30]} 4... Bb7 {[%clk 1:29:07]} 5. O-O {[%clk 1:31:48]} 5... d5 {
[%clk 1:24:41]} 6. c4 {[%clk 1:30:57]} 6... Be7 {[%clk 1:20:01]} 7. Nc3 { [%clk
1:30:16]} 7... O-O {[%clk 1:19:28]} 8. Re1 {[%clk 1:26:20]} 8... c5 { [%clk
1:15:39]} 9. Ne5 {[%clk 1:21:49]} 9... Nc6 {[%clk 1:07:44]} 10. Nxc6 { [%clk
1:16:40]} 10... Bxc6 {[%clk 1:08:06]} 11. dxc5 {[%clk 1:02:48]} 11... Bxc5
{[%clk 1:02:29]} 12. cxd5 {[%clk 0:55:35]} 12... exd5 {[%clk 1:00:58]} 13. Bf4
{[%clk 0:48:25]} 13... Re8 {[%clk 0:56:44]} 14. Qb3 {[%clk 0:43:42]} 14... Qd7
{[%clk 0:51:34]} 15. Rad1 {[%clk 0:38:08]} 15... d4 {[%clk 0:44:59]} 16. Bxc6
{[%clk 0:35:58]} 16... Qxc6 {[%clk 0:45:11]} 17. Nb5 {[%clk 0:35:48]} 17...
Rad8 {[%clk 0:35:18]} 18. Nxa7 {[%clk 0:27:23]} 18... Qd7 {[%clk 0:33:25] } 19.
Nb5 {[%clk 0:27:15]} 19... Qh3 {[%clk 0:32:27]} 20. Qf3 {[%clk 0:24:00]} 20...
Ng4 {[%clk 0:31:08]} 21. Qg2 {[%clk 0:24:19]} 21... Qh5 {[%clk 0:30:02]} 22. a4
{[%clk 0:17:08]} 22... d3 {[%clk 0:22:52]} 23. e3 {[%clk 0:16:56]} 23... d2
{[%clk 0:21:43]} 24. Re2 {[%clk 0:05:37]} 24... Nxh2 {[%clk 0:18:54]} 25. g4
{[%clk 0:05:38]} 25... Nxg4 {[%clk 0:15:31]} 26. Rexd2 {[%clk 0:05:16]} 26...
Rxd2 {[%clk 0:14:00]} 27. Rxd2 {[%clk 0:05:44]} 27... g5 {[%clk 0:12:49]} 28.
Rd5 {[%clk 0:04:59]} 28... h6 {[%clk 0:07:12]} 29. Qf3 {[%clk 0:03:20]} 29...
Qh4 {[%clk 0:06:25]} 30. Bg3 {[%clk 0:03:14]} 30... Qh3 {[%clk 0:04:42]} 31.
Nd4 {[%clk 0:02:59]} 31... Bxd4 {[%clk 0:02:20]} 32. Rxd4 {[%clk 0:02:45]}
32... Rc8 {[%clk 0:01:46]} 33. Qd1 {[%clk 0:02:07]} 33... Nxe3 {[%clk 0:01:13]}
34. Rd8+ {[%clk 0:02:28]} 34... Rxd8 {[%clk 0:01:42]} 35. Qxd8+ {[%clk 0:02:51]
} 35... Kh7 {[%clk 0:02:02]} 36. Qd3+ {[%clk 0:02:34]} 36... Nf5 { [%clk
0:02:27]} 37. b4 {[%clk 0:01:51]} 37... Qg4 {[%clk 0:01:41]} 38. a5 { [%clk
0:01:56]} 38... bxa5 {[%clk 0:01:31]} 39. bxa5 {[%clk 0:01:49]} 39... Kg7
{[%clk 0:01:21]} 40. a6 {[%clk 0:01:38]} 40... Nxg3 {[%clk 0:00:44]} 41. Qxg3 {
[%clk 0:26:41]} 41... Qa4 {[%clk 0:28:14]} 42. Qd3 {[%clk 0:22:40]} 42... f5 {
[%clk 0:22:24]} 43. Kf1 {[%clk 0:21:44]} 43... h5 {[%clk 0:17:22]} 44. Qc3+
1/2-1/2

[Event "DVM U14 2020"]
[Site "Willingen GER"]
[Date "2021.06.26"]
[Round "5"]
[White "Neuber, Pascal"]
[Black "Rohm, Linus"]
[Result "1/2-1/2"]
[Termination "normal"]
[Board "7.2"]
[WhiteElo "1812"]
[BlackElo "1581"]
[WhiteClock "00:01:46"]
[BlackClock "00:15:03"]
[WhiteTeam "USV Halle"]
[BlackTeam "SchachAkademiePaderborn e. V."]
[PlyCount "80"]
[WhiteFideId "16227611"]
[BlackFideId "16298217"]
[EventCountry "GER"]
[EventRounds "7"]
[EventType "team-swiss"]
[EventDate "2021.06.23"]

1. e4 {[%clk 1:30:55]} 1... d6 {[%clk 1:30:52]} 2. d4 {[%clk 1:31:17]} 2... Nf6
{[%clk 1:31:09]} 3. Nc3 {[%clk 1:31:29]} 3... Nbd7 {[%clk 1:31:10]} 4. f4 {
[%clk 1:30:18]} 4... e5 {[%clk 1:30:51]} 5. fxe5 {[%clk 1:29:13]} 5... dxe5 {
[%clk 1:31:12]} 6. d5 {[%clk 1:29:21]} 6... Bb4 {[%clk 1:29:47]} 7. Bg5 { [%clk
1:28:57]} 7... h6 {[%clk 1:28:46]} 8. Bxf6 {[%clk 1:28:39]} 8... Nxf6 { [%clk
1:28:42]} 9. Bb5+ {[%clk 1:28:07]} 9... Bd7 {[%clk 1:28:34]} 10. Bxd7+ { [%clk
1:28:31]} 10... Qxd7 {[%clk 1:28:06]} 11. Qe2 {[%clk 1:26:32]} 11... c6 { [%clk
1:22:48]} 12. Qc4 {[%clk 1:02:36]} 12... Bxc3+ {[%clk 1:20:52]} 13. Qxc3 {[%clk
0:54:29]} 13... O-O {[%clk 1:19:58]} 14. O-O-O {[%clk 0:33:50]} 14... Nxe4
{[%clk 1:15:30]} 15. Qe3 {[%clk 0:34:07]} 15... f5 {[%clk 1:11:31]} 16. dxc6
{[%clk 0:30:21]} 16... Qxc6 {[%clk 1:11:42]} 17. Nf3 {[%clk 0:30:37]} 17... Qe6
{[%clk 1:08:15]} 18. Kb1 {[%clk 0:29:41]} 18... b6 {[%clk 1:05:23]} 19. Rhe1
{[%clk 0:25:53]} 19... Rfd8 {[%clk 1:04:33]} 20. Qb3 {[%clk 0:22:19]} 20...
Qxb3 {[%clk 1:02:42]} 21. axb3 {[%clk 0:22:35]} 21... Rac8 { [%clk 1:00:26]}
22. c3 {[%clk 0:15:26]} 22... Re8 {[%clk 0:50:29]} 23. Rd7 { [%clk 0:14:09]}
23... Rcd8 {[%clk 0:48:47]} 24. Red1 {[%clk 0:12:57]} 24... Rxd7 {[%clk
0:47:07]} 25. Rxd7 {[%clk 0:13:25]} 25... Nc5 {[%clk 0:47:20]} 26. Rxa7 {[%clk
0:12:18]} 26... e4 {[%clk 0:44:14]} 27. Ne1 {[%clk 0:08:24]} 27... e3 {[%clk
0:42:40]} 28. b4 {[%clk 0:06:34]} 28... Ne4 {[%clk 0:38:10]} 29. Rd7 {[%clk
0:06:49]} 29... g5 {[%clk 0:31:02]} 30. h3 {[%clk 0:06:48]} 30... g4 { [%clk
0:30:32]} 31. hxg4 {[%clk 0:05:45]} 31... fxg4 {[%clk 0:30:55]} 32. Rd4 { [%clk
0:05:59]} 32... h5 {[%clk 0:29:56]} 33. Kc2 {[%clk 0:05:34]} 33... Nf2 { [%clk
0:29:56]} 34. c4 {[%clk 0:04:11]} 34... h4 {[%clk 0:30:08]} 35. c5 { [%clk
0:01:39]} 35... bxc5 {[%clk 0:29:29]} 36. bxc5 {[%clk 0:02:07]} 36... h3 {[%clk
0:29:16]} 37. gxh3 {[%clk 0:01:42]} 37... gxh3 {[%clk 0:29:42]} 38. Nf3 {[%clk
0:00:53]} 38... e2 {[%clk 0:26:56]} 39. c6 {[%clk 0:01:22]} 39... e1=Q { [%clk
0:17:41]} 40. Nxe1 {[%clk 0:01:46]} 40... Rc8 {[%clk 0:15:03]} 1/2-1/2

[Event "DVM U14 2020"]
[Site "Willingen GER"]
[Date "2021.06.26"]
[Round "5"]
[White "Brinkschröder, Josh"]
[Black "Polzin, Gustav"]
[Result "0-1"]
[Termination "normal"]
[Board "7.3"]
[WhiteElo "1568"]
[BlackElo "1566"]
[WhiteClock "00:19:57"]
[BlackClock "00:46:10"]
[WhiteTeam "SchachAkademiePaderborn e. V."]
[BlackTeam "USV Halle"]
[PlyCount "70"]
[WhiteFideId "16274903"]
[BlackFideId "34603280"]
[EventCountry "GER"]
[EventRounds "7"]
[EventType "team-swiss"]
[EventDate "2021.06.23"]

1. d4 {[%clk 1:30:58]} 1... Nf6 {[%clk 1:30:44]} 2. Nf3 {[%clk 1:31:23]} 2...
c5 {[%clk 1:30:59]} 3. g3 {[%clk 1:31:39]} 3... e6 {[%clk 1:30:45]} 4. Bg2 {
[%clk 1:32:02]} 4... Nc6 {[%clk 1:31:08]} 5. O-O {[%clk 1:32:17]} 5... Be7 {
[%clk 1:31:04]} 6. c4 {[%clk 1:32:30]} 6... O-O {[%clk 1:31:04]} 7. Nc3 { [%clk
1:32:45]} 7... d5 {[%clk 1:28:16]} 8. cxd5 {[%clk 1:29:09]} 8... Nxd5 { [%clk
1:27:40]} 9. e3 {[%clk 1:26:14]} 9... b6 {[%clk 1:21:33]} 10. Nxd5 { [%clk
1:22:26]} 10... exd5 {[%clk 1:21:51]} 11. a3 {[%clk 1:18:34]} 11... Bg4 12. Qb3
{[%clk 1:08:43]} 12... Qd7 {[%clk 1:10:54]} 13. Qd3 {[%clk 0:56:35]} 13... Bf6
{[%clk 1:04:42]} 14. Ne5 {[%clk 0:45:10]} 14... Bxe5 {[%clk 1:04:42]} 15. dxe5
{[%clk 0:45:00]} 15... Nxe5 {[%clk 1:05:07]} 16. Qxd5 {[%clk 0:44:47]} 16...
Qxd5 {[%clk 1:03:15]} 17. Bxd5 {[%clk 0:45:12]} 17... Rad8 { [%clk 1:03:38]}
18. Bg2 {[%clk 0:43:35]} 18... Nd3 {[%clk 1:02:45]} 19. f3 { [%clk 0:41:57]}
19... Bc8 {[%clk 0:58:36]} 20. Rd1 {[%clk 0:37:45]} 20... h6 { [%clk 0:56:12]}
21. Rb1 {[%clk 0:36:55]} 21... Bb7 {[%clk 0:55:07]} 22. e4 { [%clk 0:36:27]}
22... f5 {[%clk 0:53:50]} 23. Be3 {[%clk 0:33:58]} 23... Rfe8 { [%clk 0:52:25]}
24. Rd2 {[%clk 0:27:56]} 24... fxe4 {[%clk 0:49:53]} 25. fxe4 { [%clk 0:28:04]}
25... Bxe4 {[%clk 0:50:09]} 26. Bxe4 {[%clk 0:28:19]} 26... Rxe4 {[%clk
0:50:32]} 27. Bf4 {[%clk 0:28:29]} 27... Rdd4 {[%clk 0:50:44]} 28. Bb8 {[%clk
0:24:21]} 28... Re7 {[%clk 0:49:31]} 29. Rbd1 {[%clk 0:23:45]} 29... Red7
{[%clk 0:48:05]} 30. Bxa7 {[%clk 0:22:35]} 30... Nxb2 {[%clk 0:48:19]} 31. Rxd4
{[%clk 0:21:31]} 31... cxd4 {[%clk 0:48:31]} 32. Rd2 {[%clk 0:20:21]} 32... Nc4
{[%clk 0:45:30]} 33. Rc2 {[%clk 0:20:09]} 33... d3 {[%clk 0:45:52]} 34. Rxc4
{[%clk 0:19:41]} 34... d2 {[%clk 0:46:10]} 35. Rc8+ {[%clk 0:19:57]} 35... Kh7
0-1

[Event "DVM U14 2020"]
[Site "Willingen GER"]
[Date "2021.06.26"]
[Round "5"]
[White "Natebus, Wenzel"]
[Black "Bade, Deniz"]
[Result "1-0"]
[Termination "normal"]
[Board "7.4"]
[WhiteElo "1552"]
[BlackElo "1486"]
[WhiteClock "00:03:45"]
[BlackClock "00:01:21"]
[WhiteTeam "USV Halle"]
[BlackTeam "SchachAkademiePaderborn e. V."]
[PlyCount "77"]
[WhiteFideId "34600787"]
[BlackFideId "34605959"]
[EventCountry "GER"]
[EventRounds "7"]
[EventType "team-swiss"]
[EventDate "2021.06.23"]

1. e4 {[%clk 1:30:57]} 1... e6 {[%clk 1:30:55]} 2. d4 {[%clk 1:31:02]} 2... d5
{[%clk 1:31:18]} 3. exd5 {[%clk 1:29:49]} 3... exd5 {[%clk 1:31:41]} 4. Nc3 {
[%clk 1:28:25]} 4... Bb4 {[%clk 1:30:32]} 5. Nge2 {[%clk 1:23:55]} 5... Ne7 {
[%clk 1:29:45]} 6. Qd3 {[%clk 1:18:25]} 6... a6 {[%clk 1:09:20]} 7. Qg3 { [%clk
0:59:31]} 7... Nf5 {[%clk 1:01:14]} 8. Qe5+ {[%clk 0:53:07]} 8... Be6 { [%clk
0:59:31]} 9. Qf4 {[%clk 0:44:13]} 9... Nc6 {[%clk 0:49:24]} 10. g3 { [%clk
0:38:26]} 10... Qd6 {[%clk 0:31:43]} 11. Qxd6 {[%clk 0:25:12]} 11... Bxd6
{[%clk 0:31:53]} 12. Be3 {[%clk 0:25:05]} 12... Nxe3 {[%clk 0:31:27]} 13. fxe3
{[%clk 0:25:25]} 13... O-O-O {[%clk 0:26:16]} 14. Bg2 {[%clk 0:23:39]} 14... h5
{[%clk 0:15:03]} 15. O-O-O {[%clk 0:19:06]} 15... Ne7 {[%clk 0:12:41]} 16. e4
16... Bb4 {[%clk 0:08:59]} 17. e5 {[%clk 0:10:59]} 17... h4 {[%clk 0:06:42]}
18. Nf4 {[%clk 0:08:16]} 18... g5 {[%clk 0:04:47]} 19. Nxe6 {[%clk 0:08:11]}
19... fxe6 {[%clk 0:05:11]} 20. Be4 {[%clk 0:07:09]} 20... Kd7 {[%clk 0:04:23]}
21. Rdf1 {[%clk 0:06:12]} 21... hxg3 {[%clk 0:03:46]} 22. hxg3 {[%clk 0:06:05]}
22... Bxc3 23. bxc3 {[%clk 0:06:33]} 23... Nf5 {[%clk 0:04:02]} 24. Bxf5 {
[%clk 0:06:03]} 24... Rxh1 {[%clk 0:03:01]} 25. Bxe6+ {[%clk 0:06:28]} 25...
Kxe6 {[%clk 0:03:24]} 26. Rxh1 {[%clk 0:06:55]} 26... Kf5 {[%clk 0:03:10]} 27.
Re1 {[%clk 0:06:25]} 27... Re8 {[%clk 0:03:24]} 28. Kd2 {[%clk 0:06:26]} 28...
Kg4 {[%clk 0:03:31]} 29. Re3 {[%clk 0:06:26]} 29... Kh5 {[%clk 0:01:28]} 30.
Kd3 {[%clk 0:06:40]} 30... Kg6 {[%clk 0:01:32]} 31. c4 {[%clk 0:06:36]} 31...
c6 {[%clk 0:01:44]} 32. cxd5 {[%clk 0:06:29]} 32... cxd5 {[%clk 0:02:08]} 33.
c4 {[%clk 0:06:55]} 33... dxc4+ {[%clk 0:01:44]} 34. Kxc4 {[%clk 0:06:41]}
34... g4 {[%clk 0:01:39]} 35. d5 {[%clk 0:06:15]} 35... Rf8 {[%clk 0:00:33]}
36. Kd4 {[%clk 0:05:09]} 36... Kf7 {[%clk 0:00:46]} 37. Re4 {[%clk 0:04:45]}
37... Rg8 {[%clk 0:01:11]} 38. e6+ {[%clk 0:04:22]} 38... Ke8 {[%clk 0:01:21]}
39. d6 {[%clk 0:03:45]} 1-0

[Event "DVM U14 2020"]
[Site "Willingen GER"]
[Date "2021.06.26"]
[Round "5"]
[White "Abou Wally, Adrian"]
[Black "Klaska, Philipp Leon"]
[Result "1/2-1/2"]
[Termination "normal"]
[Board "8.1"]
[WhiteElo "1482"]
[BlackElo "1755"]
[WhiteClock "00:07:54"]
[BlackClock "00:05:42"]
[WhiteTeam "SV Schott Jena"]
[BlackTeam "Düsseldorfer Schachverein 1854"]
[PlyCount "67"]
[WhiteFideId "16245113"]
[BlackFideId "16238044"]
[EventCountry "GER"]
[EventRounds "7"]
[EventType "team-swiss"]
[EventDate "2021.06.23"]

1. e4 {[%clk 1:30:59]} 1... c6 {[%clk 1:30:46]} 2. d4 {[%clk 1:31:06]} 2... d5
{[%clk 1:31:10]} 3. exd5 {[%clk 1:31:23]} 3... cxd5 {[%clk 1:31:38]} 4. Bd3 {
[%clk 1:31:41]} 4... Nc6 {[%clk 1:31:44]} 5. c3 {[%clk 1:30:44]} 5... Nf6 {
[%clk 1:30:57]} 6. Bf4 {[%clk 1:30:23]} 6... Bg4 {[%clk 1:30:49]} 7. Nf3 {
[%clk 1:29:44]} 7... e6 {[%clk 1:29:35]} 8. Nbd2 {[%clk 1:28:15]} 8... Bd6 {
[%clk 1:28:57]} 9. Bg5 {[%clk 1:22:27]} 9... h6 {[%clk 1:27:54]} 10. Bh4 {
[%clk 1:22:40]} 10... Be7 {[%clk 1:17:55]} 11. O-O {[%clk 1:21:46]} 11... O-O {
[%clk 1:13:52]} 12. Re1 {[%clk 1:20:07]} 12... Nh7 {[%clk 1:06:09]} 13. Bxe7 {
[%clk 1:16:46]} 13... Qxe7 {[%clk 1:04:37]} 14. Qc2 {[%clk 1:16:37]} 14... Ng5
{[%clk 0:55:38]} 15. Nxg5 {[%clk 1:05:05]} 15... Qxg5 {[%clk 0:54:49]} 16. f3 {
[%clk 1:05:12]} 16... Bh3 {[%clk 0:47:20]} 17. Re2 {[%clk 1:03:15]} 17... Rac8
{[%clk 0:36:14]} 18. Qb1 {[%clk 1:00:53]} 18... Bf5 {[%clk 0:31:45]} 19. Bxf5 {
[%clk 0:59:39]} 19... exf5 {[%clk 0:29:21]} 20. Qd3 {[%clk 0:58:41]} 20... Rfe8
{[%clk 0:25:41]} 21. Rae1 {[%clk 0:58:34]} 21... Rxe2 {[%clk 0:20:55]} 22. Rxe2
{[%clk 0:58:57]} 22... Rc7 {[%clk 0:18:50]} 23. Qb5 {[%clk 0:49:08]} 23... Re7
{[%clk 0:17:24]} 24. Nb3 {[%clk 0:36:20]} 24... Re3 {[%clk 0:13:01]} 25. Kf1 {
[%clk 0:33:03]} 25... a6 {[%clk 0:09:33]} 26. h4 {[%clk 0:21:59]} 26... Qxh4 {
[%clk 0:08:00]} 27. Qxb7 {[%clk 0:20:42]} 27... Qh1+ {[%clk 0:07:54]} 28. Kf2 {
[%clk 0:20:17]} 28... Rxe2+ {[%clk 0:08:06]} 29. Kxe2 {[%clk 0:20:44]} 29...
Qxg2+ {[%clk 0:08:21]} 30. Ke1 {[%clk 0:18:29]} 30... Qg1+ {[%clk 0:08:14]} 31.
Ke2 {[%clk 0:16:30]} 31... Qg6 {[%clk 0:07:57]} 32. Nc5 {[%clk 0:10:57]} 32...
f4 {[%clk 0:06:19]} 33. Nd7 {[%clk 0:07:54]} 33... Qe6+ {[%clk 0:05:42]} 34.
Kf1 1/2-1/2